<?xml version="1.0" encoding="UTF-8"?>
<record
    xmlns:xsi="http://www.w3.org/2001/XMLSchema-instance"
    xsi:schemaLocation="http://www.loc.gov/MARC21/slim http://www.loc.gov/standards/marcxml/schema/MARC21slim.xsd"
    xmlns="http://www.loc.gov/MARC21/slim">

  <leader>     nam a22     7a 4500</leader>
  <datafield tag="999" ind1=" " ind2=" ">
    <subfield code="c">6869</subfield>
    <subfield code="d">6869</subfield>
  </datafield>
  <datafield tag="020" ind1=" " ind2=" ">
    <subfield code="a">978-986-954-567-9</subfield>
    <subfield code="c">305</subfield>
  </datafield>
  <datafield tag="100" ind1=" " ind2=" ">
    <subfield code="a">&#x6797;&#x975C;&#x5100;</subfield>
  </datafield>
  <datafield tag="245" ind1=" " ind2=" ">
    <subfield code="a">&#x8A3A;&#x9593;&#x88E1;&#x7684;&#x5973;&#x4EBA;: &#x5A66;&#x7522;&#x79D1;&#x5973;&#x91AB;&#x5E2B;&#x5F9E;&#x8EAB;&#x9AD4;&#x7684;&#x96E3;&#x984C;&#x5E36;&#x59B3;&#x627E;&#x5230;&#x4EBA;&#x751F;&#x7684;&#x51FA;&#x53E3; </subfield>
    <subfield code="b"> </subfield>
    <subfield code="c">&#x6797;&#x975C;&#x5100;&#x8457; </subfield>
  </datafield>
  <datafield tag="250" ind1=" " ind2=" ">
    <subfield code="a">&#x521D;&#x7248;</subfield>
  </datafield>
  <datafield tag="260" ind1=" " ind2=" ">
    <subfield code="b">&#x93E1;&#x6587;&#x5B78; </subfield>
    <subfield code="c">2018</subfield>
  </datafield>
  <datafield tag="942" ind1=" " ind2=" ">
    <subfield code="2">ccl</subfield>
    <subfield code="c">BOOK</subfield>
  </datafield>
  <datafield tag="952" ind1=" " ind2=" ">
    <subfield code="0">0</subfield>
    <subfield code="1">0</subfield>
    <subfield code="2">ccl</subfield>
    <subfield code="4">0</subfield>
    <subfield code="7">0</subfield>
    <subfield code="a">yeezen</subfield>
    <subfield code="b">yeezen</subfield>
    <subfield code="d">2018-09-12</subfield>
    <subfield code="l">14</subfield>
    <subfield code="m">1</subfield>
    <subfield code="o">417</subfield>
    <subfield code="p">C02449</subfield>
    <subfield code="r">2026-03-04 00:00:00</subfield>
    <subfield code="s">2026-01-30</subfield>
    <subfield code="w">2018-09-12</subfield>
    <subfield code="y">BOOK</subfield>
    <subfield code="z">&#x4E00;&#x9593;&#x5927;&#x578B;&#x91AB;&#x9662;&#x88E1;&#x7684;&#x5A66;&#x7522;&#x79D1;&#xFF0C;&#x4E00;&#x4F4D;&#x4E0D;&#x670D;&#x8F38;&#x7684;&#x5973;&#x91AB;&#x5E2B;&#xFF0C;&#x5728;&#x5979;&#x7684;&#x8A3A;&#x9593;&#x548C;&#x75C5;&#x623F;&#x88E1;&#xFF0C;&#x6709;&#x5404;&#x5F0F;&#x5404;&#x6A23;&#x7684;&#x5973;&#x4EBA;&#x53CA;&#x5973;&#x5B69;&#x5230;&#x4F86;&#x3002;&#x5979;&#x5011;&#x662F;&#x4F86;&#x770B;&#x75C5;&#xFF0C;&#x9084;&#x662F;&#x770B;&#x5FC3;&#xFF1F;&#x5973;&#x91AB;&#x5E2B;&#x9664;&#x4E86;&#x958B;&#x85E5;&#x958B;&#x5200;&#xFF0C;&#x80FD;&#x4E0D;&#x80FD;&#x70BA;&#x5979;&#x5011;&#x7684;&#x4EBA;&#x751F;&#x958B;&#x4E00;&#x689D;&#x8DEF;&#xFF1F; &#x9019;&#x4F4D;&#x59CB;&#x7D42;&#x639B;&#x5FC3;&#x75C5;&#x4EBA;&#x7684;&#x5973;&#x91AB;&#x5E2B;&#xFF0C;&#x66F4;&#x8EAB;&#x9AD4;&#x529B;&#x884C;&#x5728;&#x91AB;&#x7642;&#x754C;&#x4E2D;&#x52AA;&#x529B;&#x70BA;&#x5973;&#x6027;&#x64F4;&#x5F35;&#x7ACB;&#x8DB3;&#x9EDE;&#xFF0C;&#x8B49;&#x660E;&#x5973;&#x4EBA;&#x7D55;&#x5C0D;&#x4E0D;&#x662F;&#x300C;&#x7B2C;&#x4E8C;&#x6027;&#x300D;&#xFF01;</subfield>
  </datafield>
</record>
